Could they have met? - Statistics

General Stats
  • This quiz has been taken 338 times
  • The average score is 5 of 10
Answer Stats
Question Answer % Correct
Pablo Picasso & Marilyn Monroe Yes
80%
Adolf Hitler & Pope Francis Yes
70%
Kurt Cobain & Rihanna Yes
70%
George Washington & Napoleon Bonaparte Yes
57%
Charles Dickens & Mother Teresa No
49%
Muhammad & St Patrick No
48%
William Shakespeare & Pocahontas Yes
48%
Queen Victoria & Eva Perón No
38%
St. Paul & Nero Yes
38%
Alfred Nobel & Martin Luther King Jr. No
26%
No matching quizzes found
Score Distribution
Percent of People with Each Score
Percentile by Number Answered
Your Score History
You have not taken this quiz